Polskie stacje kolejowe mające w nazwie "Południe/owy/a/e" - Statystyki

Ogólne statystyki
  • Ten quiz został rozwiązany 96 razy
  • Średni wynik to 4 z 17
Statystyki odpowiedzi
Hint Odpowiedź % Poprawnych
SL Sosnowiec Południowy
56%
MZ Radom Południowy
54%
LD Opoczno Południe
50%
MZ Czachówek Południowy
41%
SL Katowice Szopienice Południowe
40%
SL Dąbrowa Górnicza Południowa
30%
PK Stalowa Wola Południe
29%
MZ Zegrze Południowe
20%
SL Czechowice-Dziedzice Południowe
18%
LD Zduńska Wola Południowa
17%
LD Żakowice Południowe
15%
SL Sosnowiec Jęzor Południowy
13%
PK Mielec Południowy
12%
ZP Biały Zdrój Południowy
11%
PK Głogów Małopolski Południowy
11%
PK Chorzelów Południowy
7%
PD Gregorowce Południowe
4%
Nie znaleziono quizów pasujących do podanych kryteriów
Rozkład punktacji
Procent ludzi z każdym wynikiem
Percentyl według liczby udzielonych odpowiedzi
Twoja historia wyników
Nie rozwiązałeś tego quizu